Statistics for Football players by haircut

Click here to take the quiz!

General Stats

  • This quiz has been taken 37 times
  • The average score is 7 of 10

Answer Stats

Answer% Correct
Harry Kane
94%
Sadio Mané
90%
Frenkie de Jong
87%
Giorgio Chiellini
84%
Kylian Mbappe
81%
Marc-André ter Stegen
77%
Paul Pogba
71%
N'Golo Kanté
68%
Lionel Messi
65%
Ronaldo Nazario de Lima
19%

Score Distribution

Percentile by Number Answered

Percent of People with Each Score

Your Score History

You have not taken this quiz